1966 1073 1602 1017 1887 1223 1066 1386 1078 1916 1002 1930 1848 1345 1563 1070 1147 1442 1191 1257 1900 1749 1906 1365 1055 1313 1314 1944 1707 1792 1474 1799 1005 1371 1700 1274 1107 1566 1158 1998 1211 1271 1554 1688 1504 1531 1341 1599 1570 1543 1597 1870 1842 1718 1366 1213 1026 1103 1699 1843 1270 1180 1703 1958 1748 1543 1318 1050 1849 1159 1484 1794 1857 1091 1688 1758 1307 1570 1717 1283 1027 1810 1239 1506 1629 1304 1038 1624 1995 1450 1649 1641 1146 1966 1738 1327 1074 1112 1999 BCNSPRNW ULIB Ver.6.0+V

เปลี่ยนเป็นภาษาไทย

Change to English
 แสดงรายละเอียดบรรณานุกรม
  กลับหน้าหลัก

Brief Record : Get Marc (ISO 2709) : E-mail record : QR code < ปิดหน้าต่าง
LEADER : 00000nam 2200000uu 4500
001    13399113876
003     ULIB
008    120110s||||||||th 000 0 tha d
099    วจ.Wy18.8^bว322ค
100 0  วรารัตน์ ทิพย์รัตน์
245 00 ความเอื้ออาทรของอาจารย์พยาบาล ตามประเมินของอาจารย์และนักศึกษาพยาบาล วิทยาลัยพยาบาลบรมราชชนนี ตรัง/^cวรารัตน์ ทิพย์รัตน์ และ จันทร์เพ็ญ เลิศวนวัฒนา
260    ตรัง :^bวิทยาลัยพยาบาลบรมราชชนนี ตรัง,^c2549
300    103 หน้า :^bตาราง
500    รายงานการวิจัย
650  7 ความเอื้ออาทร^xอาจารย์พยาบาล^xวิจัย
700 02 จันทร์เพ็ญ เลิศวนวัฒนา
710 1  วิทยาลัยพยาบาลบรมราชชนนี ตรัง
945    ^p0^l0^i030936
995    ทศพร
999 ^a ทศพร
รายการนี้ยังไม่มีแท็ก
คุณยังไม่ได้ล็อกอิน คุณสามารถมีกิจกรรมร่วมกับเว็บไซต์ได้ แต่ต้องล็อกอินก่อน ::
  ล็อกอิน

รายการสื่อสารสนเทศ

ลำดับที่ ประเภท เลขเรียก/บาร์โค้ด สถานที่ สถานะ
1. งานวิจัย
งานวิจัย
วจ.Wy18.8 ว322ค ฉ.1 
  Barcode: 030936
ห้องสมุดวิทยาเขตสวรรค์ประชารักษ์
►วิจัย
บนชั้น

รายการใกล้เคียง
    ผู้แต่ง [วรารัตน์ ทิพย์รัตน์]

BibComment


ยังไม่เคยถูกคอมเมนท์

คอมเมนท์ทรัพยากรรายการนี้
  คอมเมนท์: ความเอื้ออาทรของอ..


 Copyright 2026. Bcnsprnw @Library